| 000 | 00972nam a2200313 i 4500 | ||
|---|---|---|---|
| 003 | EG-GICUC | ||
| 005 | 20260121101740.0 | ||
| 008 | 260119s1952 uk ||||fr|||| 000 0 eng d | ||
| 040 |
_aEG-GiCUC _beng _cEG-GiCUC _dEG-GiCUC _erda |
||
| 041 | _aeng | ||
| 082 | 0 | 4 |
_221 _a341.33 _bKE . A |
| 092 | 0 | 4 | _221 |
| 099 | _aLaw1 11 341.33 KE . A 1952 | ||
| 100 | 1 |
_a Kennan, George F. _eAuthor. |
|
| 245 | 1 | 4 |
_aAmerican Diplomacy 1900-1950 / _cBy George F. Kennan. |
| 264 | 1 |
_aLondon : _bSecker & Warburg, _c1952. |
|
| 300 |
_a146 pages, _c24 cm _billustrations, |
||
| 336 |
_2rda content _atext |
||
| 337 |
_2rda media _aComputer |
||
| 338 |
_2rda carrier _aOnline Resource |
||
| 546 | _aText in English | ||
| 650 | 1 | 4 |
_aDiplomatie _2qrmak _v(International law) |
| 650 | 1 | 4 | _aCorps diplomatique |
| 650 | 1 | 4 |
_aPublic international law _2qrmak |
| 651 | 1 | _2qrmak | |
| 856 | 4 | 0 | _uhttps://fll.law.cu.edu.eg/fulltext/bks/B11-06740.pdf |
| 905 | _a79 | ||
| 942 |
_2ddc _cBK _e21 _n0 |
||
| 999 |
_c57826 _d57826 |
||